000 00543nam a2200181Ia 4500
001 15635
005 20260306170210.0
008 260306t2007||||xx |||||||||||||| ||und||
041 _aESP
082 _a553.2885
_bG55
100 _aPerú. Gobierno Regional de Arequipa. Gerencia Regional de Energía y Minas
_eAUT
245 0 _aReglamento de establecimiento de gas licuado de petróleo para uso automotor gasocentros
260 _c2007
300 _a79 páginas :
_c29 cm.
650 _aGEN
654 _aCCN
942 _cLIB
_dJUS
_fJUS
_2ddc
_n
999 _c15635
_d15635